Entry Nombre personal
001 - NÚMERO DE CONTROL
- campo de control: 1110
003 - IDENTIFICADOR DE NÚMERO DE CONTROL
- campo de control: DLC
005 - FECHA Y HORA DE LA ÚLTIMA TRANSACCIÓN
- campo de control: 20260423164234.0
008 - ELEMENTOS DE DATO DE LONGITUD-FIJA
- campo de control de longitud fija: 790627n| azannaabn |a aaa
010 ## - NÚMERO DE CONTROL DE LA BIBLIOTECA DEL CONGRESO
- Número de control de LC: n 79055307
035 ## - NÚMERO DE CONTROL DEL SISTEMA
- Número de control de sistema: (OCoLC)oca00288426
040 ## - FUENTE DE CATALOGACIÓN
- Centro catalogador/agencia de origen: DLC
- Lengua de catalogación: eng
- Normas de descripción: rda
- Centro/agencia transcriptor: DLC
- Centro/agencia modificador: DLC
- Centro/agencia modificador: InU
- Centro/agencia modificador: CSt-HC
- Centro/agencia modificador: NJQ
- Centro/agencia modificador: NNMM
- Centro/agencia modificador: SaPrUSA
- Centro/agencia modificador: WaU
- Centro/agencia modificador: CCSC
- Centro/agencia modificador: GVaS
- Centro/agencia modificador: DLC
- Centro/agencia modificador: OCoLC
046 ## - FECHAS CON CODIFICACIÓN ESPECIAL
- Fecha de nacimiento: 1897-09-28
- Fecha de la muerte: 1990-11-26
- Fuente del esquema de fecha: edtf
100 1# - ENCABEZAMIENTO-NOMBRE DE PERSONA
- Nombre de persona: Kramer, Samuel Noah,
- Fechas asociadas al nombre: 1897-1990
372 ## - CAMPO DE ACTIVIDAD
- Campo de actividad: Sumer--Civilization
- Fuente del término: lcsh
377 ## - IDIOMA ASOCIADO
- Código del idioma: eng
400 1# - TRAZADO DE VÉASE--NOMBRE DE PERSONA
- Nombre de persona: Kramer, Samuel Nathan,
- Fechas asociadas al nombre: 1897-1990
400 1# - TRAZADO DE VÉASE--NOMBRE DE PERSONA
- Nombre de persona: Ḳremer, Shemuʼel Noaḥ,
- Fechas asociadas al nombre: 1897-1990
400 1# - TRAZADO DE VÉASE--NOMBRE DE PERSONA
- Nombre de persona: Kramer, Sami︠u︡ėlʹ,
- Fechas asociadas al nombre: 1897-1990
400 1# - TRAZADO DE VÉASE--NOMBRE DE PERSONA
- Nombre de persona: Kiraymir, Sāmūʼil,
- Fechas asociadas al nombre: 1897-1990
400 1# - TRAZADO DE VÉASE--NOMBRE DE PERSONA
- Nombre de persona: کريمر، ساموئل
400 1# - TRAZADO DE VÉASE--NOMBRE DE PERSONA
- Nombre de persona: Karīmar, Sāmūʼal,
- Fechas asociadas al nombre: 1897-1990
670 ## - FUENTE DE DATOS ENCONTRADOS
- Cita de la fuente: His The verb in the Kirkuk tablets.
670 ## - FUENTE DE DATOS ENCONTRADOS
- Cita de la fuente: Chicago tribune, 11/30/90
- Información encontrada: sect. 3, p. 12 (Samuel Noah Kramer; b. 9/28/1897; d. 11/26/90)
670 ## - FUENTE DE DATOS ENCONTRADOS
- Cita de la fuente: Mi-piyuṭe Shumar, 1970 or 1971:
- Información encontrada: t.p. (Shemuʼel Noaḥ Ḳremer)
670 ## - FUENTE DE DATOS ENCONTRADOS
- Cita de la fuente: Shumery, 2002:
- Información encontrada: t.p. (Sami︠u︡ėlʹ Kramer)
670 ## - FUENTE DE DATOS ENCONTRADOS
- Cita de la fuente: Enki and Ninḫursag, 1945:
- Información encontrada: t.p. (Samuel N. Kramer)
670 ## - FUENTE DE DATOS ENCONTRADOS
- Cita de la fuente: Alvāḥ-i Sūmirī, 1961:
- Información encontrada: t.p. (ساموئل کريمر = Sāmūʼil Kiraymir [part. voc.]) t.p. verso (Samuel Noah Kramer [in rom.])
670 ## - FUENTE DE DATOS ENCONTRADOS
- Cita de la fuente: OCLC database, 16 Jan 2020:
- Información encontrada: (usage: Sāmūʼal Karīmar)